000 00248 a2200097 4500
001 33067
100 _aSreetharan,M
245 _aATM Interworking in Broadband Wireless Applications
260 _aBostob
_bArtech House
_c2002
090 _c22196
_d22196
942 _aNUST-CAE
_cM
_c13554
999 _c268140
_d268140